000 00723nam a2200217 a 4500
001 56502
003 BD-RjUL
005 20211209080414.0
008 161129s1961 bg ||||| |||| 00| 0 ben d
035 _a(BD-RjUL)56626
040 _aBD-RjUL
_bben
_cBD-RjUL
041 _aben
082 _223
_a891.443
_bGHC 1961
100 _aঘোষ, অপর্ণা
_9168041
245 1 0 _aছিন্নতার /
_cঅপর্ণা ঘোষ
260 _aঢাকা :
_bইস্ট বেঙ্গল,
_c১৯৬১ [১৩৬৮]
300 _a২০২ পৃ. ;
_c১৮ সেমি .
650 _aবাংলা উপন্যাস
_9168042
650 _aBengali Fictions
_9168043
942 _2ddc
_cBK
999 _c56502
_d56502